All Iggy Azalea Songs - Statistics

General Stats
  • This quiz has been taken 151 times
    126 since last reset
  • The average score is 48 of 92
Answer Stats
Album Song % Correct
The New Classic Fancy
99%
The New Classic Black Widow
86%
In My Defense Sally Walker
76%
Single #2 Team
76%
Change Your Life Change Your Life
74%
Change Your Life Work
74%
The New Classic Work
74%
Survive the Summer Kream
72%
Single #3 Mo Bounce
72%
Reclassified Trouble
72%
Change Your Life Bounce
71%
The End of an Era Day 3 in Miami (End of an Era)
69%
Ignorant Art Pu$$y
69%
Survive the Summer Survive the Summer
69%
The End of an Era Iam the Stripclub
68%
In My Defense Started
67%
Wicked Lips Lola
65%
Single #6 Sip It
65%
The End of an Era Brazil
64%
Single #5 Savior
64%
Single #4 Switch
64%
In My Defense F**k It Up
63%
Survive the Summer Tokyo Snow Trip
62%
Glory Glory
60%
Single Pretty Girls
60%
Reclassified Beg for It
59%
Survive the Summer OMG
59%
Wicked Lips The Girls
59%
In My Defense Clap Back
58%
In My Defense Pussy Pop
58%
Reclassified Heavy Crown
56%
Wicked Lips Not Important
56%
Wicked Lips Personal Problem
56%
In My Defense Thanks I Get
56%
In My Defense Big Bag
55%
In My Defense Freak of the Week
55%
Survive the Summer Kawasaki
55%
In My Defense Spend It
55%
The New Classic Walk the Line
55%
In My Defense Hoemita
54%
The New Classic Rolex
54%
The New Classic 100
53%
In My Defense Just Wanna
53%
The New Classic Lady Patra
53%
The End of an Era Sex on the Beach
53%
The End of an Era Sirens
53%
End of an Era Dance Like Nobody's Watching
51%
Survive the Summer Hey Iggy
51%
The New Classic New B***h
51%
The End of an Era Peach Body
51%
The End of an Era Woke Up (Diamonds)
51%
Pitch Perfect 3 (Soundtrack) Boom Boom
50%
In My Defense Comme des Garçons
50%
The New Classic F**k Love
49%
The New Classic Goddess
49%
Reclassified Iggy SZN
49%
The New Classic Impossible Is Nothing
49%
The End of an Era Pillow Fight
49%
The End of an Era Emo Club Anthem
47%
The End of an Era Good Times with Bad People
47%
The End of an Era Is That Right
46%
Ignorant Art My World
46%
Def Jam Presents: Direct Deposit, Vol. 2 Can't Lose
44%
The New Classic Don't Need Y'all
44%
The End of an Era STFU
44%
The New Classic Just Askin'
42%
The End of an Era XXXTRA
42%
Ignorant Art Hello
40%
The End of an Era Nights Like This
40%
Ignorant Art Treasure Island
40%
Ignorant Art Backseat
38%
Glory Murda Bizness
38%
Ignorant Art The Last Song
38%
Ignorant Art Drop That Sh*t
37%
Ignorant Art You
37%
TrapGold Bac 2 Tha Future (My Time)
36%
Ignorant Art Dirt in Your P***y Ass B!tch (Intro)
36%
TrapGold Intro
36%
Glory Me, Myself, My Money
36%
TrapGold Outro
36%
TrapGold 1 800 BONE
35%
Glory Runway
35%
TrapGold Demons
33%
TrapGold Flexin' & Finessin'
33%
TrapGold Golddust
33%
Glory Millionaire Misfits
33%
Glory Flash
32%
TrapGold Slo.
32%
TrapGold Yo El Ray
32%
TrapGold Down South
31%
TrapGold Quicktime
31%
iTunes Festival: London 2013 Beat Down
27%
No matching quizzes found
Score Distribution
Percent of People with Each Score
Percentile by Number Answered
Your Score History
You have not taken this quiz since the last reset